000
00253nam a2200121Ia 4500
100
_a
MANDAL/S.K.
942
_c
BK
245
_a
Total Quality Management
260
_b
VIKAS PUBLISHERS
_c
2009
082
_a
658.5/MAN
300
_a
412
546
_a
ENGLISH
999
_c
29204
_d
29204